A clinical guide to applied dental materials (Record no. 31014)
[ view plain ]
| 000 -LEADER | |
|---|---|
| fixed length control field | 00727nam a2200181 a 4500 |
| 008 - FIXED-LENGTH DATA ELEMENTS--GENERAL INFORMATION | |
| fixed length control field | 170426s2013 ||||||||||||||||| || u |
| 020 ## - INTERNATIONAL STANDARD BOOK NUMBER | |
| International Standard Book Number | 9780702031588 |
| 050 ## - LIBRARY OF CONGRESS CALL NUMBER | |
| Classification number | RK 60.5 Bon |
| 100 ## - MAIN ENTRY--PERSONAL NAME | |
| Personal name | Bonsor, Stephen J |
| 245 12 - TITLE STATEMENT | |
| Title | A clinical guide to applied dental materials |
| Statement of responsibility, etc. | By Stephen J. Bonsor, Gavin J. Pearson. |
| 260 ## - PUBLICATION, DISTRIBUTION, ETC. | |
| Place of publication, distribution, etc. | London: |
| Name of publisher, distributor, etc. | Churchill Livingstone/Elsevier |
| Date of publication, distribution, etc. | 2013 |
| 300 ## - PHYSICAL DESCRIPTION | |
| Extent | ix, 454p.: ill. |
| 350 ## - | |
| -- | 76.95 |
| 650 ## - SUBJECT ADDED ENTRY--TOPICAL TERM | |
| Topical term or geographic name entry element | DENTAL HYGIENISTS--OUTLINES |
| 650 #0 - SUBJECT ADDED ENTRY--TOPICAL TERM | |
| Topical term or geographic name entry element | DENTAL HYGIENE |
| 650 ## - SUBJECT ADDED ENTRY--TOPICAL TERM | |
| Topical term or geographic name entry element | DENTAL PROPHYLAXIS--OUTLINES |
| 995 ## - | |
| -- | MEDICAL LIBRARY OPEN ACCESS |
| -- | 76.95 |
| -- | 903920 |
| -- | CBU-SCHOOL OF MEDICINE LIBRARY (Ndola) |
| -- | RK 60.5 Bon |
| -- | 1 |
| -- | AVAILABLE |
| -- | Apr 26, 2017 |
| -- | 903920 |
| -- | Medical Library Open Access Collection |
| 999 ## - | |
| -- | 31014 |
| -- | 31014 |
| Withdrawn status | Lost status | Source of classification or shelving scheme | Damaged status | Not for loan | Permanent Location | Current Location | Shelving location | Date acquired | Total Checkouts | Full call number | Barcode | Date last seen | Price effective from | Koha item type |
|---|---|---|---|---|---|---|---|---|---|---|---|---|---|---|
| CBU-SCHOOL OF MEDICINE LIBRARY, NDOLA. | CBU-SCHOOL OF MEDICINE LIBRARY, NDOLA. | 11/30/2022 | RK 60.5 Bon | 903920 | 11/30/2022 | 11/30/2022 | MONOGRAPH |